| 000 | 00670nam a22002297a 4500 | ||
|---|---|---|---|
| 999 |
_c20832 _d20832 |
||
| 003 | AR-CdUCM | ||
| 008 | 190606b ||||| |||| 00| 0 spa d | ||
| 040 |
_aMUNICIPALIDAD PROVINCIAL DEL CUSCO _cBIBLIOTECA MUNICIPAL DEL CUSCO |
||
| 082 |
_a801.952 / _bR78 |
||
| 100 |
_aRojas, Ricardo _912413 |
||
| 245 |
_aTupac - Amarú : _bDrama en cinco actos / |
||
| 260 |
_aBuenos Aires : _bConi, _c1924. |
||
| 300 |
_a286-393 páginas ; _c22 cm. |
||
| 440 |
_a9 _910651 |
||
| 500 | _aTomo 1, ,libro 9 | ||
| 505 | _aContenido: Obra de teatro. | ||
| 650 |
_aTeatro _9173 |
||
| 650 |
_a1821 _943508 |
||
| 650 |
_aArgentina _9511 |
||
| 942 |
_2ddc _cLIBROS |
||
| 945 | _aJavier | ||